| 000 | 00387nam a2200109Ia 4500 | ||
|---|---|---|---|
| 008 | 160909s9999 xx 000 0 und d | ||
| 100 | _aKim, Lydia Sunnie | ||
| 245 | _aSocial media and social support: A uses and gratifications examination of health 2.0 | ||
| 260 |
_bPepperdine University _c2016 |
||
| 650 | _aMASS COM | ||
| 856 | _uhttp://pqdtopen.proquest.com/doc/1758891657.html?FMT=ABS | ||
| 999 |
_c304259 _d304259 |
||